<?xml version="1.0" encoding="UTF-8"?>
<record
    xmlns:xsi="http://www.w3.org/2001/XMLSchema-instance"
    xsi:schemaLocation="http://www.loc.gov/MARC21/slim http://www.loc.gov/standards/marcxml/schema/MARC21slim.xsd"
    xmlns="http://www.loc.gov/MARC21/slim">

  <leader>01013nam a22002537a 4500</leader>
  <controlfield tag="003">DO-SdBNP</controlfield>
  <controlfield tag="005">20220922144758.0</controlfield>
  <controlfield tag="007">ta</controlfield>
  <controlfield tag="008">220922b1936    |||c|||e l||| 00| s spa d</controlfield>
  <datafield tag="040" ind1=" " ind2=" ">
    <subfield code="a">DO-SdBNP</subfield>
    <subfield code="b">spa</subfield>
    <subfield code="c">BNPHU</subfield>
  </datafield>
  <datafield tag="041" ind1=" " ind2=" ">
    <subfield code="h">spa</subfield>
  </datafield>
  <datafield tag="082" ind1=" " ind2="1">
    <subfield code="2">22</subfield>
    <subfield code="a">320.97293 </subfield>
    <subfield code="b">R426d</subfield>
  </datafield>
  <datafield tag="110" ind1=" " ind2="1">
    <subfield code="a">Rep&#xFA;blica Dominicana.</subfield>
    <subfield code="b">Presidente 1981-1989</subfield>
    <subfield code="9">82417</subfield>
  </datafield>
  <datafield tag="130" ind1=" " ind2="1">
    <subfield code="a">Discurso</subfield>
    <subfield code="9">39147</subfield>
  </datafield>
  <datafield tag="245" ind1="1" ind2="0">
    <subfield code="a">Discurso pronunciado por el generalisimo Doctor Rafael Le&#xF3;nidas Trujillo Molina, en su visita a la regi&#xF3;n del sur con motivo de la inauguraci&#xF3;n del Canal de Riesgo de Matayaya</subfield>
  </datafield>
  <datafield tag="260" ind1=" " ind2=" ">
    <subfield code="a">San Juan de la Maguana :</subfield>
    <subfield code="b">[s.n.],</subfield>
    <subfield code="c">1936</subfield>
  </datafield>
  <datafield tag="300" ind1=" " ind2=" ">
    <subfield code="a">8 p. :</subfield>
    <subfield code="b">retr.;</subfield>
    <subfield code="c">22 cm.</subfield>
  </datafield>
  <datafield tag="650" ind1=" " ind2="4">
    <subfield code="a">Discurso</subfield>
    <subfield code="9">82418</subfield>
  </datafield>
  <datafield tag="650" ind1=" " ind2="4">
    <subfield code="9">30670</subfield>
    <subfield code="a">Discursos presidenciales</subfield>
    <subfield code="z">Rep&#xFA;blica Dominicana</subfield>
  </datafield>
  <datafield tag="651" ind1=" " ind2="4">
    <subfield code="9">26116</subfield>
    <subfield code="a">Rep&#xFA;blica Dominicana</subfield>
    <subfield code="x">Pol&#xED;tica y gobieno</subfield>
    <subfield code="x">Discurso</subfield>
    <subfield code="y">1936 -</subfield>
  </datafield>
  <datafield tag="700" ind1=" " ind2="1">
    <subfield code="a">Trujillo Molina, Rafael Le&#xF3;nidas</subfield>
    <subfield code="d">1891-1961</subfield>
    <subfield code="e">Presidente</subfield>
    <subfield code="e">Benefactor</subfield>
    <subfield code="t">Discurso</subfield>
    <subfield code="9">82419</subfield>
  </datafield>
  <datafield tag="942" ind1=" " ind2=" ">
    <subfield code="2">ddc</subfield>
    <subfield code="c">LBS1</subfield>
  </datafield>
  <datafield tag="952" ind1=" " ind2=" ">
    <subfield code="0">0</subfield>
    <subfield code="1">0</subfield>
    <subfield code="2">ddc</subfield>
    <subfield code="5">1</subfield>
    <subfield code="7">0</subfield>
    <subfield code="8">PD-RV</subfield>
    <subfield code="a">BNPHU</subfield>
    <subfield code="b">BNPHU</subfield>
    <subfield code="c">CT</subfield>
    <subfield code="d">2022-09-22</subfield>
    <subfield code="e">Donado</subfield>
    <subfield code="l">0</subfield>
    <subfield code="o">BNPHU PD - RV 320.97293 R426d</subfield>
    <subfield code="p">2022-4047</subfield>
    <subfield code="r">2022-09-22</subfield>
    <subfield code="w">2022-09-22</subfield>
    <subfield code="y">LBS1</subfield>
  </datafield>
  <datafield tag="956" ind1=" " ind2=" ">
    <subfield code="a">Inventariado, 2022 / SA</subfield>
  </datafield>
  <datafield tag="999" ind1=" " ind2=" ">
    <subfield code="c">52449</subfield>
    <subfield code="d">52449</subfield>
  </datafield>
</record>
